Rafiq Azam : old Dhaka-new story : architecture in Bangladesh /

Bibliographic Details
Other Authors: Falvo, Rosa Maria (Editor, Interviewer), Azam, Rafiq
Format: Book
Language:English
Published: New York, NY : Rizzoli Libri, [2025]
Subjects:

MARC

Tag First Indicator Second Indicator Subfields
LEADER 00000cam a2200000 i 4500
001 in00005779828
003 OCoLC
005 20260415164324.9
007 ta
008 250919t20252025nyuae b 000 0 eng d
024 8 |a 40033125875 
040 |a UKMGB  |b eng  |e rda  |c UKMGB  |d BDX  |d OCLCO  |d KUK  |d OCLCO  |d EAU  |d YDX 
020 |a 9788891834409  |q hardcover 
020 |a 8891834408  |q hardcover 
035 |a (OCoLC)1546774238 
043 |a a-bg--- 
050 4 |a NA1510.8.B33  |b A92 2025 
082 0 4 |a 720.92  |2 23 
245 0 0 |a Rafiq Azam :  |b old Dhaka-new story : architecture in Bangladesh /  |c edited by Rosa Maria Falvo. 
264 1 |a New York, NY :  |b Rizzoli Libri,  |c [2025] 
264 4 |c ©2025 
300 |a 335 pages :  |b illustrations, plans ;  |c 27 x 27 cm 
336 |a text  |b txt  |2 rdacontent 
336 |a still image  |b sti  |2 rdacontent 
337 |a unmediated  |b n  |2 rdamedia 
338 |a volume  |b nc  |2 rdacarrier 
504 |a Includes bibliographical references. 
505 0 |a In the name of modernity / Kenneth B. Frampton -- SA residence -- Shaping Dhaka / Shamsul Wares -- AGA Khan Academy -- Inspiration within / Fuad H. Mallick -- Conversation part one / Rosa Maria Falvo & Rafiq Azam -- Dipu Sharmin residence -- Asif Zahir residence -- Haque's South Leaf -- Shadhin residence -- Beyond borders / Philip Goad -- SP Seita Headquarters -- Bangladesh Chancery Complex -- Conversation part two / Rosa Maria Falvo & Rafiq Azam -- Mayor Mohammad Hanif Jame Mosque -- Azimpur public restrooms -- Bahadur Shah park -- Architecture of inclusivity / George Kunihiro -- Delowar Hossain area development -- Rasulbagh Shishu park -- Osmani Udyan. 
600 1 0 |a Azam, Rafiq.  |1 https://isni.org/isni/0000000423437248 
600 1 0 |a Azam, Rafiq  |v Interviews. 
650 0 |a Architecture  |z Bangladesh  |z Dhaka  |v Pictorial works. 
651 0 |a Dhaka (Bangladesh)  |x Buildings, structures, etc.  |v Pictorial works. 
600 1 7 |a Azam, Rafiq  |2 fast  |1 https://id.oclc.org/worldcat/entity/E39PBJwtkRHCCPhXKJHX9cJv73  |0 (OCoLC)fst01990110 
650 7 |a Architecture  |2 fast  |0 (OCoLC)fst00813346 
651 7 |a Bangladesh  |z Dhaka  |2 fast  |1 https://id.oclc.org/worldcat/entity/E39PBJwdjKw4WKJC74fMXBJYyd  |0 (OCoLC)fst01212101 
651 7 |a Bangladesh  |2 fast  |1 https://id.oclc.org/worldcat/entity/E39PBJxRFY9Rf3kyRgDG9r6dwC  |0 (OCoLC)fst01213724 
655 7 |a interviews.  |2 aat  |0 (CStmoGRI)aatgf300026392 
655 7 |a Pictorial works.  |2 fast  |0 (OCoLC)fst01423874 
655 7 |a Interviews.  |2 lcgft 
655 7 |a Interviews.  |2 rvmgf  |0 (CaQQLa)RVMGF-000000446 
700 1 |a Falvo, Rosa Maria,  |e editor,  |e interviewer.  |1 https://id.oclc.org/worldcat/entity/E39PCjtTJkhJcQBqTtqKkp4vMd 
700 1 |a Frampton, Kenneth,  |e writer of supplementary textual content.  |1 https://id.oclc.org/worldcat/entity/E39PBJpjfT7XhfBt7hFK7CFkDq  |1 https://isni.org/isni/0000000121443722 
700 1 |a Wares, Shamsul,  |e writer of supplementary textual content. 
700 1 |a Malick, Fuad H.,  |e writer of supplementary textual content. 
700 1 |a Kunihiro, George T.,  |e writer of supplementary textual content.  |1 https://id.oclc.org/worldcat/entity/E39PCjJp9HPgf9DqqrGhgFKPQq 
700 1 2 |a Azam, Rafiq.  |t Works.  |k Selections. 
945 |b 712980 
947 |a A14852275909 
980 |b print  |c 40033125875  |f NONFIC/B  |g 565714  |k USD  |m 60.00  |q 1  |s AcqMono Conventional  |t Approval plan  |u Vendor order reference number  |v ZYBP  |y Print approval  |z Physical resource 
999 f f |i d1116603-1d8d-48b1-871d-0803d3048ba0  |s 9cdaa27d-44ae-42ae-80d0-a2792c9db86f  |t 0 
952 f f |p newbook  |a Texas A&M University  |b College Station  |c Sterling C. Evans Library  |s Evans nbs  |d Evans: New Book Shelves (1st floor)  |t 0  |e NA1510.8.B33 A92 2025  |h Library of Congress classification  |i unmediated -- volume  |m A14852275909 
998 f f |a NA1510.8.B33 A92 2025  |t 0  |l Evans: Library Stacks